On the structural positions of themes and goals
| Published in: | Phrase structure and the lexicon, ed. by Johan Rooryck and Laurie Zaring, Dordrecht, 1996, p.7-34 (Studies in natural language and linguistic theory) |
|---|---|
| Main Author: | |
| Content type: | Article |
| Published: |
1996
|
| Source: | MPIPL_cat |
MARC
| LEADER | 00000naa a2200000 u 4500 | ||
|---|---|---|---|
| 001 | PL0078288 | ||
| 003 | PLI01000000000000000076150 | ||
| 005 | 00000000000000.0 | ||
| 008 | ||| u | ||
| 100 | 1 | |a Baker, Mark C. | |
| 245 | 0 | 0 | |a On the structural positions of themes and goals |c Mark Baker |
| 260 | |c 1996 | ||
| 773 | 0 | 8 | |t Phrase structure and the lexicon |a ed. by Johan Rooryck and Laurie Zaring |d Dordrecht, 1996 |g p.7-34 |k Studies in natural language and linguistic theory |w MPIPL_cat.PL0067361 |z 0-7923-3745-X |i In: |
| 952 | |j 1996 |h p.7-34 | ||
| 996 | |a Aufsatz | ||
| 997 | |a book chapter | ||